[Event "Moscow Blitz Final 2014"]
[Site "Moscow RUS"]
[Date "2014.09.06"]
[Round "1.1"]
[White "Fedoseev, Vladimir3"]
[Black "Moskalenko, Alexander"]
[Result "1/2-1/2"]
[WhiteTitle "GM"]
[BlackTitle "IM"]
[WhiteElo "2677"]
[BlackElo "2460"]
[WhiteFideId "24130737"]
[BlackFideId "4155351"]
[EventDate "2014.09.06"]

1. e4 c6 2. d4 d5 3. e5 Bf5 4. c4 e6 5. Nc3 Ne7 6. Be3 Nd7 7. c5 h6 8. f4 f6 9.
exf6 gxf6 10. Nf3 Bg7 11. Nh4 O-O 12. Be2 Bh7 13. O-O f5 14. Nf3 Nf6 15. Qb3 Qc7
16. Ne5 Ng6 17. Rae1 Kh8 18. Qa4 a6 19. Bd1 Rae8 20. Kh1 Rg8 21. Qa5 Qe7 22. b4
h5 23. Nf3 Ng4 24. Bd2 Bh6 25. Ng5 Nxf4 26. Bxf4 Bxg5 27. Bxg4 Bxf4 28. Rxf4
Rxg4 29. Rxg4 hxg4 30. Ne2 e5 31. Nf4 Qg5 32. g3 e4 33. Qc7 Qe7 34. Qxe7 Rxe7
35. Kg2 Kg7 36. Re3 Kf6 37. a4 Bg6 38. Rb3 e3 39. Kf1 Re4 40. Rd3 e2+ 41. Ke1
Bh7 42. Rd2 Bg8 43. Nxe2 f4 44. gxf4 Re3 45. Kf2 Rb3 46. b5 axb5 47. axb5 Rxb5
48. Kg3 Be6 49. Rd3 Bf5 50. Re3 Rb2 51. Nc1 b6 52. cxb6 Rxb6 53. Nb3 Rb4 54. Rc3
Ke7 55. Na5 Kd6 56. Rxc6+ Kd7 57. Rf6 Be4 58. Nc6 Rb2 59. Ne5+ Ke7 60. Rf7+ Ke6
61. Kxg4 Rg2+ 62. Kh3 Rd2 63. Ra7 Rxd4 64. Kg4 Rd1 65. Ra6+ Ke7 66. f5 Rg1+ 67.
Kf4 Rf1+ 68. Ke3 Rxf5 69. Nc6+ Kf8 70. Nd4 Rh5 71. Ra2 Kf7 72. Kf4 Kg6 73. Ra6+
Kf7 74. Kg3 Rg5+ 75. Kf4 Rh5 76. Kg3 Rg5+ 77. Kf4 Rh5 78. Kg3 1/2-1/2

[Event "Moscow Blitz Final 2014"]
[Site "Moscow RUS"]
[Date "2014.09.06"]
[Round "1.2"]
[White "Seliverstov, Vladimir"]
[Black "Belous, Vladimir"]
[Result "1-0"]
[WhiteTitle "FM"]
[BlackTitle "GM"]
[WhiteElo "2432"]
[BlackElo "2584"]
[WhiteFideId "4192036"]
[BlackFideId "4174003"]
[EventDate "2014.09.06"]

1. d4 c5 2. d5 d6 3. e4 g6 4. Nf3 Bg7 5. Be2 e6 6. dxe6 Bxe6 7. O-O Nc6 8. Nc3
Nge7 9. Bf4 d5 10. Ng5 O-O 11. Bg3 Nd4 12. Nxe6 fxe6 13. Bg4 Kh8 14. Re1 Nec6
15. exd5 exd5 16. Nxd5 Qxd5 17. c3 h5 18. Bh3 h4 19. Bxh4 Nf3+ 20. gxf3 Qh5 21.
Re4 Ne5 22. Bg2 Nxf3+ 23. Bxf3 Rxf3 24. Bg3 Qf5 25. Rh4+ Kg8 26. Qb3+ Qf7 27.
Rd1 c4 28. Qxc4 Rf8 29. Rd7 Qxc4 30. Rxc4 b5 31. Rcc7 Bf6 32. Rxa7 b4 33. cxb4
Bxb2 34. b5 Rc3 35. b6 Rc1+ 36. Kg2 Rb1 37. b7 Bf6 38. Ra8 1-0

[Event "Moscow Blitz Final 2014"]
[Site "Moscow RUS"]
[Date "2014.09.06"]
[Round "1.3"]
[White "Savchenko, Boris"]
[Black "Mozharov, Mikhail"]
[Result "1-0"]
[WhiteTitle "GM"]
[BlackTitle "GM"]
[WhiteElo "2608"]
[BlackElo "2555"]
[WhiteFideId "4147332"]
[BlackFideId "4189825"]
[EventDate "2014.09.06"]

1. e4 e5 2. Nf3 Nc6 3. Bb5 Nf6 4. d3 Bc5 5. c3 O-O 6. Bxc6 bxc6 7. Nxe5 d5 8. d4
Bb6 9. exd5 Qxd5 10. Qf3 Ba6 11. Nxc6 Qe6+ 12. Be3 Rfe8 13. Nb4 Bc4 14. Nd2 c5
15. Nxc4 Qxc4 16. dxc5 Bxc5 17. Qe2 Qe4 18. O-O Ng4 19. Nd3 Bxe3 20. fxe3 Rad8
21. Nf2 Nxf2 22. Rxf2 Rd3 23. Re1 h6 24. Qf3 Qc4 25. b3 Qc7 26. c4 Red8 27. Qf4
Qd7 28. Ref1 Rf8 29. Qf5 Qd6 30. e4 Qd4 31. h3 Re3 32. Qd5 Qc3 33. Rxf7 Rxf7 34.
Rxf7 Rd3 35. Rf3+ Rxd5 36. Rxc3 Rd2 37. c5 1-0

[Event "Moscow Blitz Final 2014"]
[Site "Moscow RUS"]
[Date "2014.09.06"]
[Round "1.4"]
[White "Najer, Evgeniy"]
[Black "Motylev, Alexander"]
[Result "1-0"]
[WhiteTitle "GM"]
[BlackTitle "GM"]
[WhiteElo "2646"]
[BlackElo "2686"]
[WhiteFideId "4118987"]
[BlackFideId "4121830"]
[EventDate "2014.09.06"]

1. e4 d6 2. d4 Nf6 3. Nc3 e5 4. Nf3 Nbd7 5. Bc4 Be7 6. O-O Nb6 7. Be2 exd4 8.
Qxd4 O-O 9. a4 a5 10. h3 c6 11. Be3 Nbd7 12. Rfd1 Qc7 13. Bf4 Ne8 14. e5 Qb6 15.
Qxb6 Nxb6 16. exd6 Bd8 17. b3 Nf6 18. Bg3 Re8 19. Bd3 Nbd7 20. Re1 Bb6 21. Rxe8+
Nxe8 22. Re1 Ndf6 23. Ng5 h6 24. Nge4 Be6 25. Be5 Nd7 26. Bf4 Rd8 27. g4 Bd4 28.
Ne2 Be5 29. Rd1 f5 30. gxf5 Bxf5 31. Nf6+ Ndxf6 32. Bxe5 Bxh3 33. Nf4 Bg4 34.
Bc4+ Kh7 35. Rd2 Ne4 36. Rd4 N4xd6 37. Ne6 Bxe6 38. Bxe6 Nf7 39. Bxf7 Rxd4 40.
Bxd4 Nd6 41. Be6 1-0

[Event "Moscow Blitz Final 2014"]
[Site "Moscow RUS"]
[Date "2014.09.06"]
[Round "1.5"]
[White "Karjakin, Sergey"]
[Black "Popov, Ivan RUS"]
[Result "1-0"]
[WhiteTitle "GM"]
[BlackTitle "GM"]
[WhiteElo "2777"]
[BlackElo "2627"]
[WhiteFideId "14109603"]
[BlackFideId "4170350"]
[EventDate "2014.09.06"]

1. e4 c5 2. Nf3 e6 3. d4 cxd4 4. Nxd4 Nc6 5. Nc3 Nf6 6. Ndb5 Bb4 7. a3 Bxc3+ 8.
Nxc3 d5 9. exd5 Nxd5 10. Bd2 O-O 11. Bd3 e5 12. O-O Be6 13. Re1 f5 14. Bf1 Kh8
15. Nxd5 Bxd5 16. Bc3 Qd6 17. Qh5 Rad8 18. Rad1 Qc7 19. h3 Be4 20. Rxd8 Rxd8 21.
Qe2 Nd4 22. Bxd4 exd4 23. f3 Bc6 24. Qe7 Qxe7 25. Rxe7 Re8 26. Rc7 g6 27. Kf2 a5
28. b4 axb4 29. axb4 Re5 30. Bc4 Bb5 31. f4 1-0

[Event "Moscow Blitz Final 2014"]
[Site "Moscow RUS"]
[Date "2014.09.06"]
[Round "1.6"]
[White "Dvalishvili, Pavel S."]
[Black "Riazantsev, Alexander"]
[Result "0-1"]
[WhiteTitle "IM"]
[BlackTitle "GM"]
[WhiteElo "2439"]
[BlackElo "2678"]
[WhiteFideId "4121996"]
[BlackFideId "4125029"]
[EventDate "2014.09.06"]

1. e4 c6 2. d4 d5 3. exd5 cxd5 4. c4 Nf6 5. Nc3 e6 6. Nf3 Bb4 7. cxd5 Nxd5 8.
Bd2 Nc6 9. a3 Be7 10. Ne4 O-O 11. Qb3 Nf6 12. Qd3 b6 13. Nc3 Bb7 14. Rd1 a6 15.
Be2 b5 16. O-O Rc8 17. Rfe1 Bd6 18. Bg5 Ne7 19. Bxf6 gxf6 20. Nd2 Qc7 21. Nde4
Bxe4 22. Nxe4 f5 23. Nxd6 Qxd6 24. Bf3 Rfd8 25. Qe3 Ng6 26. g3 Rc7 27. Qg5 Qe7
28. Qxe7 Nxe7 29. d5 exd5 30. Rd4 Kg7 31. Kg2 Kf6 32. a4 Rc4 33. Red1 Rxa4 34.
Rxa4 bxa4 35. Rd4 Rd6 36. Kf1 Rb6 37. Rxa4 Ke5 38. Be2 Rxb2 39. Rxa6 Rb1+ 40.
Kg2 Rb2 41. Kf1 Ng6 42. Bf3 Rb1+ 43. Ke2 Rb2+ 44. Ke1 Rb7 45. h4 Rd7 46. h5 Nf8
47. Be2 Ne6 48. Kd2 Rb7 49. f4+ Kd4 50. Ra4+ Kc5 51. Bd3 Rb2+ 52. Kc3 Rg2 53.
Ra5+ Kd6 54. Bxf5 Rxg3+ 55. Kd2 Nxf4 56. h6 Ng6 57. Ra7 Rg2+ 58. Ke3 Rh2 59.
Rxf7 Rxh6 60. Bc2 Rh3+ 61. Kd4 Rh4+ 62. Ke3 Ke5 63. Rg7 Kf6 64. Rd7 Ne7 65. Rd6+
Ke5 66. Rd7 Rh3+ 67. Kd2 Rh2+ 68. Kd1 Ke6 69. Ra7 h5 70. Bd3 h4 71. Ke1 Kd6 72.
Ra6+ Ke5 73. Rh6 Kd4 74. Bh7 Nc8 75. Kf1 Ne7 76. Kg1 Rh3 77. Kg2 Rg3+ 78. Kh2
Rg4 79. Kh3 Rg3+ 80. Kxh4 Rg7 81. Kh3 Kc5 82. Bd3 Nc6 83. Rg6 Re7 84. Bf5 Rf7
85. Be6 Re7 86. Kg3 Ne5 87. Rh6 Nc4 88. Kf4 0-1

[Event "Moscow Blitz Final 2014"]
[Site "Moscow RUS"]
[Date "2014.09.06"]
[Round "1.7"]
[White "Kretov, Evgenij"]
[Black "Grischuk, Alexander"]
[Result "0-1"]
[WhiteTitle "FM"]
[BlackTitle "GM"]
[WhiteElo "2263"]
[BlackElo "2789"]
[WhiteFideId "4167821"]
[BlackFideId "4126025"]
[EventDate "2014.09.06"]

1. d4 Nf6 2. c4 g6 3. Nc3 d5 4. cxd5 Nxd5 5. Bd2 Nb6 6. Bg5 Bg7 7. e3 O-O 8. Rc1
h6 9. Bh4 g5 10. Bg3 c5 11. dxc5 Bxc3+ 12. Rxc3 Qxd1+ 13. Kxd1 Na4 14. Rc2 Bf5
15. Rd2 Nc6 16. Nf3 Nxc5 17. Bb5 Ne4 18. Re2 Rfd8+ 19. Nd2 Nb4 20. a3 a6 21. Bc4
Rac8 22. Bxf7+ Kxf7 23. axb4 Nxg3 24. hxg3 Bc2+ 25. Ke1 Bd3 26. Nb3 Bc4 27. Nc5
b6 28. Ne4 Bxe2 29. Kxe2 Rc2+ 30. Kf3 Kg6 31. Ra1 h5 32. g4 h4 33. g3 h3 34. Nc3
Rf8+ 35. Ke4 Rcxf2 36. Nd5 e6 37. Nxb6 Rf1 0-1

[Event "Moscow Blitz Final 2014"]
[Site "Moscow RUS"]
[Date "2014.09.06"]
[Round "1.8"]
[White "Malakhov, Vladimir"]
[Black "Reshetnikov, Alexey"]
[Result "0-1"]
[WhiteTitle "GM"]
[BlackTitle "IM"]
[WhiteElo "2696"]
[BlackElo "2498"]
[WhiteFideId "4120787"]
[BlackFideId "4162080"]
[EventDate "2014.09.06"]

1. Nf3 d5 2. g3 Nf6 3. Bg2 c6 4. O-O Bf5 5. c4 e6 6. cxd5 exd5 7. d3 Be7 8. Nc3
O-O 9. Qb3 Qb6 10. Qc2 h6 11. e4 dxe4 12. dxe4 Bh7 13. Be3 Qa5 14. h3 Nbd7 15.
Nd4 Rfe8 16. Rad1 Ne5 17. Nf5 Bc5 18. Nd4 Nc4 19. Bc1 Bb6 20. Nb3 Qh5 21. Na4
Ne5 22. Nxb6 axb6 23. Nd4 c5 24. Nf5 Nf3+ 25. Kh1 Rxe4 26. Qb3 Bxf5 27. Qxf3 Bg4
28. Qd3 Be2 29. g4 Bxf1 30. Qxe4 Nxe4 31. gxh5 Nxf2+ 32. Kg1 Nxd1 33. Kxf1 Rxa2 0-1

[Event "Moscow Blitz Final 2014"]
[Site "Moscow RUS"]
[Date "2014.09.06"]
[Round "1.9"]
[White "Dubov, Daniil"]
[Black "Paravyan, David"]
[Result "1-0"]
[WhiteTitle "GM"]
[BlackTitle "IM"]
[WhiteElo "2614"]
[BlackElo "2428"]
[WhiteFideId "24126055"]
[BlackFideId "4194985"]
[EventDate "2014.09.06"]

1. Nf3 f5 2. g3 Nf6 3. Bg2 g6 4. O-O Bg7 5. c4 O-O 6. d4 d6 7. Nc3 c6 8. b3 Nbd7
9. Ng5 Nb6 10. Ba3 h6 11. Nf3 g5 12. Qc2 f4 13. Rae1 Qe8 14. c5 dxc5 15. Bxc5
Nbd5 16. Nxd5 Nxd5 17. Ne5 Bf5 18. Be4 Bxe4 19. Qxe4 Bxe5 20. dxe5 Qf7 21. e6
Qf5 22. Qxf5 Rxf5 23. e4 fxe3 24. fxe3 Re5 25. e4 Nf6 26. Bxe7 Nxe4 27. Rd1 Rxe6
28. Rd7 Nd2 29. Rf2 Ne4 30. Rf1 b5 31. Ba3 Nf6 32. Rc7 a5 33. Bb2 Rf8 34. Ra7
Ne8 35. Rxf8+ Kxf8 36. Rxa5 Re2 37. Bd4 Kf7 38. Ra6 Rc2 39. a4 Nd6 40. a5 b4 41.
Rb6 Nb5 42. Bf2 Ra2 43. a6 Nc3 44. Rxc6 Ne4 45. Bd4 Ke7 46. a7 Kd7 47. Rc1 Nc3
48. Re1 Ne2+ 1-0

[Event "Moscow Blitz Final 2014"]
[Site "Moscow RUS"]
[Date "2014.09.06"]
[Round "1.10"]
[White "Grachev, Boris"]
[Black "Morozevich, Alexander"]
[Result "1-0"]
[WhiteTitle "GM"]
[BlackTitle "GM"]
[WhiteElo "2673"]
[BlackElo "2731"]
[WhiteFideId "4129199"]
[BlackFideId "4116992"]
[EventDate "2014.09.06"]

1. d4 e6 2. Nf3 c5 3. c3 Nf6 4. e3 b6 5. Bd3 Bb7 6. O-O d5 7. Nbd2 Nbd7 8. b3
Be7 9. Bb2 O-O 10. Qe2 Ne4 11. Rfd1 cxd4 12. cxd4 f5 13. Rac1 a6 14. Rc2 Bd6 15.
Ne5 Bxe5 16. dxe5 Ndc5 17. b4 Nxd3 18. Qxd3 a5 19. b5 Nc5 20. Qe2 f4 21. Bd4 Rc8
22. Rdc1 Qe7 23. Nb3 Nxb3 24. axb3 Rxc2 25. Rxc2 Qg5 26. f3 Rf7 27. exf4 Qxf4
28. Qe3 Qf5 29. Rc1 Qg6 30. h3 h6 31. Kh2 Qh5 32. Bxb6 d4 33. Bxd4 Bxf3 34. Rc8+
Kh7 35. gxf3 Rxf3 36. Qe4+ Rf5 37. Rf8 Qg6 38. Rxf5 exf5 39. Qf3 Qg5 40. b6 Qd2+
41. Bf2 1-0

[Event "Moscow Blitz Final 2014"]
[Site "Moscow RUS"]
[Date "2014.09.06"]
[Round "2.1"]
[White "Moskalenko, Alexander"]
[Black "Morozevich, Alexander"]
[Result "0-1"]
[WhiteTitle "IM"]
[BlackTitle "GM"]
[WhiteElo "2460"]
[BlackElo "2731"]
[WhiteFideId "4155351"]
[BlackFideId "4116992"]
[EventDate "2014.09.06"]

1. b3 e5 2. Bb2 Nc6 3. e3 Nf6 4. Bb5 Bd6 5. Na3 Na5 6. Nf3 Qe7 7. Nc4 Nxc4 8.
Bxc4 O-O 9. Be2 c6 10. O-O Bc7 11. a4 Re8 12. Ba3 Qe6 13. c4 e4 14. Nd4 Qe5 15.
f4 exf3 16. Nxf3 Qh5 17. Bb2 Qh6 18. Qe1 d5 19. Qh4 Qxh4 20. Nxh4 Ne4 21. cxd5
Nxd2 22. Rfd1 Nxb3 23. Ra3 Nc5 24. dxc6 bxc6 25. Rc1 Rb8 26. Bxg7 Kxg7 27. Rxc5
Bd6 28. Rac3 Bxc5 29. Rxc5 Rxe3 30. Bf3 Rb2 31. h3 Bxh3 32. Rxc6 Be6 33. Ra6 Rb4
34. g3 Rxh4 0-1

[Event "Moscow Blitz Final 2014"]
[Site "Moscow RUS"]
[Date "2014.09.06"]
[Round "2.2"]
[White "Paravyan, David"]
[Black "Grachev, Boris"]
[Result "1-0"]
[WhiteTitle "IM"]
[BlackTitle "GM"]
[WhiteElo "2428"]
[BlackElo "2673"]
[WhiteFideId "4194985"]
[BlackFideId "4129199"]
[EventDate "2014.09.06"]

1. d4 d5 2. c4 e6 3. Nc3 Nf6 4. cxd5 exd5 5. Bg5 c6 6. e3 Bf5 7. Qf3 Bg6 8. Bxf6
Qxf6 9. Qxf6 gxf6 10. Nge2 Nd7 11. Nf4 Bd6 12. Kd2 Nb6 13. h4 Rg8 14. g4 h6 15.
Nxg6 fxg6 16. Bd3 Kf7 17. f4 Rh8 18. Raf1 Kg7 19. b3 Rae8 20. Nd1 c5 21. g5 cxd4
22. gxf6+ Kxf6 23. exd4 Nc8 24. h5 gxh5 25. Rxh5 Ne7 26. Ne3 Reg8 27. Nxd5+ Nxd5
28. Rxd5 Rg2+ 29. Ke3 Bb4 30. Rf5+ Ke7 31. Rb5 Bd2+ 32. Kf3 Rhg8 33. Rxb7+ Kd6
34. Bc4 R8g4 35. Rf2 Rxf2+ 36. Kxf2 Rxf4+ 37. Ke2 Rxd4 38. Rxa7 Bg5 39. a4 Kc5
40. a5 Rd2+ 41. Kf3 Ra2 42. a6 Kb6 43. Rb7+ Kc6 44. Rg7 Kb6 45. Rg6+ Kc5 46. Rg7
Kb6 47. Rb7+ Kc6 48. Bb5+ Kc5 49. Ba4 Ra1 50. a7 Rf1+ 51. Kg2 Rf8 52. Rb8 1-0

[Event "Moscow Blitz Final 2014"]
[Site "Moscow RUS"]
[Date "2014.09.06"]
[Round "2.3"]
[White "Reshetnikov, Alexey"]
[Black "Dubov, Daniil"]
[Result "1/2-1/2"]
[WhiteTitle "IM"]
[BlackTitle "GM"]
[WhiteElo "2498"]
[BlackElo "2614"]
[WhiteFideId "4162080"]
[BlackFideId "24126055"]
[EventDate "2014.09.06"]

1. d4 f5 2. c4 Nf6 3. Nf3 g6 4. g3 Bg7 5. Bg2 O-O 6. O-O d6 7. Nc3 c6 8. Rb1 a5
9. a3 Qe8 10. b4 axb4 11. axb4 e5 12. dxe5 dxe5 13. Qb3 Kh8 14. Na4 Nbd7 15. Bb2
e4 16. Nd4 Qf7 17. b5 c5 18. Nc2 Rxa4 19. Qxa4 Nb6 20. Qa7 Nxc4 21. Bc3 b6 22.
Qxf7 Rxf7 23. Rfd1 Bd7 24. f3 exf3 25. Bxf3 Ne4 26. Bxg7+ Kxg7 27. Bxe4 fxe4 28.
Rb3 Bg4 29. Re1 Be6 30. Ne3 Nd6 31. Rb2 c4 32. Rd1 c3 33. Rb4 Nf5 34. Rxe4 Nxe3
35. Rxe3 c2 36. Rc1 Bf5 37. Rc3 Rd7 38. Kf2 Rd1 39. R1xc2 Bxc2 40. Rxc2 Rb1 41.
Rc7+ 1/2-1/2

[Event "Moscow Blitz Final 2014"]
[Site "Moscow RUS"]
[Date "2014.09.06"]
[Round "2.4"]
[White "Grischuk, Alexander"]
[Black "Malakhov, Vladimir"]
[Result "1/2-1/2"]
[WhiteTitle "GM"]
[BlackTitle "GM"]
[WhiteElo "2789"]
[BlackElo "2696"]
[WhiteFideId "4126025"]
[BlackFideId "4120787"]
[EventDate "2014.09.06"]

1. e4 e5 2. Nc3 Nf6 3. Bc4 Bc5 4. d3 O-O 5. Bg5 h6 6. Bh4 Be7 7. Nf3 Nc6 8. O-O
d6 9. h3 Na5 10. Bb3 Nxb3 11. axb3 a6 12. Re1 c5 13. Bxf6 Bxf6 14. Nd5 Be6 15.
c4 Bxd5 16. cxd5 Be7 17. Qc2 a5 18. g3 b6 19. h4 Qd7 20. Nd2 f5 21. exf5 Qxf5
22. Ne4 Qf7 23. Qc4 Rab8 24. Re3 Kh8 25. Re2 b5 26. Qc2 Ra8 27. Nc3 b4 28. Ne4
Qxd5 29. Rae1 Qd4 30. Nd2 Qg4 31. Re4 Qd7 32. Nc4 Qb7 33. Ne3 Rf7 34. Qc4 Raf8
35. Re2 Bd8 36. Qe6 Qd7 37. Qd5 Bc7 38. Nc4 Qe7 39. Kg2 Kh7 40. Ne3 Qd8 41. Nc4
Kh8 42. Ne3 Kh7 43. Nc4 Kh8 1/2-1/2

[Event "Moscow Blitz Final 2014"]
[Site "Moscow RUS"]
[Date "2014.09.06"]
[Round "2.5"]
[White "Riazantsev, Alexander"]
[Black "Kretov, Evgenij"]
[Result "1-0"]
[WhiteTitle "GM"]
[BlackTitle "FM"]
[WhiteElo "2678"]
[BlackElo "2263"]
[WhiteFideId "4125029"]
[BlackFideId "4167821"]
[EventDate "2014.09.06"]

1. d4 Nf6 2. c4 c5 3. d5 e5 4. Nc3 d6 5. g3 Be7 6. Bg2 O-O 7. Nf3 Ne8 8. O-O Nd7
9. e4 g6 10. Ne1 Ng7 11. Nd3 f5 12. f4 Bf6 13. Kh1 Qe7 14. Bd2 exf4 15. Bxf4
Bxc3 16. bxc3 fxe4 17. Re1 Nf6 18. Nf2 Bf5 19. Bg5 Qd7 20. Bxf6 Rxf6 21. g4 Re8
22. gxf5 gxf5 23. Qd2 Qf7 24. Nh3 f4 25. Rxe4 Rxe4 26. Bxe4 Qh5 27. Ng1 f3 28.
Rf1 Qe5 29. Bxf3 Nf5 30. Bg2 Rg6 31. Qf4 1-0

[Event "Moscow Blitz Final 2014"]
[Site "Moscow RUS"]
[Date "2014.09.06"]
[Round "2.6"]
[White "Popov, Ivan RUS"]
[Black "Dvalishvili, Pavel S."]
[Result "0-1"]
[WhiteTitle "GM"]
[BlackTitle "IM"]
[WhiteElo "2627"]
[BlackElo "2439"]
[WhiteFideId "4170350"]
[BlackFideId "4121996"]
[EventDate "2014.09.06"]

1. e4 e5 2. Nf3 Nc6 3. d4 exd4 4. Bc4 d6 5. Nxd4 Nf6 6. Nc3 Be7 7. O-O O-O 8.
Re1 Bg4 9. f3 Bd7 10. Be3 Nxd4 11. Qxd4 c6 12. Rad1 b5 13. Bf1 Be6 14. Bf4 Ne8
15. Kh1 Qc7 16. a3 Rd8 17. Qe3 Qb7 18. Nd5 Bh4 19. g3 cxd5 20. gxh4 dxe4 21.
fxe4 Nf6 22. Bg2 Ng4 23. Qd4 Qe7 24. Bg3 Ne5 25. Bxe5 dxe5 26. Qxe5 Qxh4 27. Qg3
Qh5 28. Bf3 Qc5 29. c3 a5 30. Rg1 g6 31. Qg5 Qf2 32. Qg2 Qe3 33. Qe2 Qf4 34.
Rxd8 Rxd8 35. Rd1 Rb8 36. Qf2 b4 37. cxb4 axb4 38. a4 Bb3 39. Ra1 Rd8 40. Qg3
Qf6 41. e5 Qe6 42. a5 Rd3 43. Rf1 Bd5 44. Bxd5 Qxd5+ 45. Qg2 Qxa5 46. Qe4 Qd5
47. Qxd5 Rxd5 48. Rf4 Rd1+ 49. Kg2 Rd2+ 50. Kg3 Rxb2 51. Rc4 b3 52. Rb4 Re2 53.
Kf4 b2 54. h4 Kg7 55. Rb7 h6 56. Rb8 Rf2+ 57. Ke4 g5 58. hxg5 hxg5 59. Ke3 Rc2
60. Kf3 Kg6 61. Kg4 Rc4+ 62. Kg3 Kf5 63. Rxb2 Kxe5 64. Rb5+ Kf6 65. Kf3 Kg6 66.
Kg3 f5 67. Rb8 Rc3+ 68. Kg2 f4 69. Rb5 Kh5 70. Kh2 Kg4 71. Rb2 Re3 72. Rg2+ Kh4
73. Rf2 f3 74. Kg1 Re1+ 75. Kh2 Re2 0-1

[Event "Moscow Blitz Final 2014"]
[Site "Moscow RUS"]
[Date "2014.09.06"]
[Round "2.7"]
[White "Motylev, Alexander"]
[Black "Karjakin, Sergey"]
[Result "0-1"]
[WhiteTitle "GM"]
[BlackTitle "GM"]
[WhiteElo "2686"]
[BlackElo "2777"]
[WhiteFideId "4121830"]
[BlackFideId "14109603"]
[EventDate "2014.09.06"]

1. e4 e5 2. Nf3 Nc6 3. Nc3 Nf6 4. a3 d5 5. exd5 Nxd5 6. Bb5 Nxc3 7. bxc3 Bd6 8.
d4 exd4 9. Qe2+ Qe7 10. Qxe7+ Kxe7 11. cxd4 a6 12. Bxc6 bxc6 13. c4 Re8 14. Be3
Kf8 15. Kd2 Be6 16. Kc3 f6 17. Rhb1 Reb8 18. Rxb8+ Rxb8 19. Nd2 Bf5 20. Nb3 g5
21. h4 h6 22. hxg5 fxg5 23. Na5 Bd7 24. f4 g4 25. c5 Be7 26. Rh1 Kg7 27. f5 Rh8
28. Bf4 h5 29. Bxc7 h4 30. d5 Bf6+ 31. Kc4 cxd5+ 32. Kxd5 Bxf5 33. c6 Re8 34.
Nc4 Be4+ 35. Kc5 Bxg2 36. Rg1 h3 37. Bh2 Bh4 38. Nd6 Bf2+ 39. Kb4 Rb8+ 40. Kc3
Bxg1 41. c7 Ra8 42. Bxg1 g3 43. Nf5+ Kf7 44. Nxg3 Rc8 45. Bb6 h2 0-1

[Event "Moscow Blitz Final 2014"]
[Site "Moscow RUS"]
[Date "2014.09.06"]
[Round "2.8"]
[White "Mozharov, Mikhail"]
[Black "Najer, Evgeniy"]
[Result "1-0"]
[WhiteTitle "GM"]
[BlackTitle "GM"]
[WhiteElo "2555"]
[BlackElo "2646"]
[WhiteFideId "4189825"]
[BlackFideId "4118987"]
[EventDate "2014.09.06"]

1. e4 c5 2. Nf3 Nf6 3. Nc3 d5 4. e5 Nfd7 5. d4 e6 6. dxc5 Nc6 7. Bf4 Bxc5 8. Bd3
h6 9. Bg3 g5 10. h3 a6 11. Qd2 b5 12. a3 Bb7 13. O-O Qe7 14. Ne2 Rg8 15. c3 h5
16. Ned4 h4 17. Bh2 g4 18. hxg4 Rxg4 19. Kh1 Bxd4 20. cxd4 Nxd4 21. Nxd4 Rxd4
22. Rac1 Nc5 23. Rc3 Rc8 24. Bxb5+ axb5 25. Qxd4 Ne4 26. Rxc8+ Bxc8 27. f3 Ng3+
28. Bxg3 hxg3 29. Qg4 Kd7 30. Qxg3 Bb7 31. Qf4 Bc6 32. Rc1 Qf8 33. Kg1 Qg7 34.
Qe3 1-0

[Event "Moscow Blitz Final 2014"]
[Site "Moscow RUS"]
[Date "2014.09.06"]
[Round "2.9"]
[White "Belous, Vladimir"]
[Black "Savchenko, Boris"]
[Result "0-1"]
[WhiteTitle "GM"]
[BlackTitle "GM"]
[WhiteElo "2584"]
[BlackElo "2608"]
[WhiteFideId "4174003"]
[BlackFideId "4147332"]
[EventDate "2014.09.06"]

1. d4 e6 2. c4 Nf6 3. Nc3 d5 4. Nf3 c6 5. cxd5 exd5 6. Qc2 g6 7. e4 dxe4 8. Nxe4
Be7 9. Bh6 Qa5+ 10. Bd2 Qc7 11. Nxf6+ Bxf6 12. Qe4+ Qe7 13. Qxe7+ Bxe7 14. Bc4
Nd7 15. O-O Nb6 16. Bb3 f6 17. Rfe1 Kd8 18. Ba5 Bg4 19. d5 Bxf3 20. gxf3 Bd6 21.
Re6 Kc7 22. dxc6 bxc6 23. Rd1 Rhd8 24. Rxf6 Rd7 25. Rc1 Kb7 26. Be6 Rc7 27. f4
Re8 28. Bg4 Be7 29. Re6 Rf8 30. Bf3 Rxf4 31. Rcxc6 Rxf3 32. Rxc7+ Kxc7 33. Rxe7+
Kc6 34. Rxa7 Nc4 35. Bc3 Rh3 36. a4 Rh5 37. a5 Kb5 38. b3 Nd6 39. Ra8 Ne4 40.
Bd4 Nd2 41. Be3 Nf3+ 42. Kg2 Nh4+ 43. Kg1 Nf5 44. a6 Nxe3 45. fxe3 Kb6 46. Kg2
Rh4 47. Kg3 g5 48. b4 h5 49. Rg8 Rg4+ 50. Kf3 Kxa6 51. h3 Rh4 52. Kg3 Re4 53.
Kf3 Rh4 54. Rg6+ Kb5 55. Rxg5+ Kxb4 56. Kg3 Re4 57. Kf3 Rh4 58. Kg3 Re4 59. Kf3
Rh4 60. Kg3 Re4 61. Rxh5 Rxe3+ 62. Kf4 Ra3 63. h4 Kc4 64. Kf5 Kd5 65. Kf6+ Kd6 0-1

[Event "Moscow Blitz Final 2014"]
[Site "Moscow RUS"]
[Date "2014.09.06"]
[Round "2.10"]
[White "Fedoseev, Vladimir3"]
[Black "Seliverstov, Vladimir"]
[Result "1/2-1/2"]
[WhiteTitle "GM"]
[BlackTitle "FM"]
[WhiteElo "2677"]
[BlackElo "2432"]
[WhiteFideId "24130737"]
[BlackFideId "4192036"]
[EventDate "2014.09.06"]

1. e4 d5 2. exd5 Qxd5 3. Nc3 Qa5 4. Nf3 Nf6 5. d4 c6 6. Bc4 Bf5 7. O-O e6 8. Ne2
Nbd7 9. Ng3 Bg6 10. Bf4 Nd5 11. Bd2 Qc7 12. Re1 Bd6 13. Bf1 O-O 14. c4 N5f6 15.
Bc3 Rad8 16. Qa4 Qb8 17. Ne5 Bxe5 18. dxe5 Ng4 19. Rad1 Ngxe5 20. Bxe5 Nxe5 21.
Rxd8 Rxd8 22. Qa5 Ng4 23. h3 Nf6 24. b4 b6 25. Qa4 Qc7 26. c5 Nd5 27. cxb6 Qxb6
28. Rc1 Nxb4 29. a3 Nd3 30. Bxd3 Bxd3 31. Rxc6 Qb7 32. Qa5 Rc8 33. Qc3 h6 34.
Nh5 f6 35. Rxe6 Bg6 36. Nf4 Bf7 37. Re3 Rc7 38. Qd4 Rd7 39. Qa4 Rd2 40. Rf3 Qb1+
41. Kh2 Rd1 42. Qxa7 Rh1+ 43. Kg3 Qf5 44. Qa8+ Kh7 45. Re3 g5 46. Ne2 h5 47. f3
h4+ 48. Kf2 Ra1 49. Qe4 Qxe4 50. fxe4 Ra2 51. Kg1 Bc4 52. Nd4 Kg6 53. e5 fxe5
54. Rxe5 Rxa3 55. Nf3 Kf6 56. Rc5 Be2 57. Nxg5 Ra1+ 58. Kf2 Ra2 59. Ne4+ Kg6 60.
Nc3 Rc2 61. Rc6+ Kh5 62. Ke3 Bf1 63. Rc5+ Kh6 64. Kf4 Rxg2 65. Ne4 Rg6 66. Ng5
Be2 67. Nf7+ Kg7 68. Ne5 Rg3 69. Rc7+ Kf6 70. Rc6+ Kg7 71. Rc7+ Kf6 72. Rc6+ Kg7
73. Rc7+ 1/2-1/2

[Event "Moscow Blitz Final 2014"]
[Site "Moscow RUS"]
[Date "2014.09.06"]
[Round "3.1"]
[White "Seliverstov, Vladimir"]
[Black "Moskalenko, Alexander"]
[Result "1-0"]
[WhiteTitle "FM"]
[BlackTitle "IM"]
[WhiteElo "2432"]
[BlackElo "2460"]
[WhiteFideId "4192036"]
[BlackFideId "4155351"]
[EventDate "2014.09.06"]

1. d4 d5 2. c4 c6 3. Nf3 Nf6 4. Qb3 dxc4 5. Qxc4 Bg4 6. Nbd2 Nbd7 7. g3 e6 8.
Bg2 Be7 9. O-O O-O 10. e3 Rc8 11. Ne5 Bh5 12. Nd3 c5 13. Bxb7 Rc7 14. Bg2 Be2
15. Re1 Nb6 16. Qa6 Bxd3 17. Qxd3 cxd4 18. exd4 Nfd5 19. a3 Qb8 20. Ne4 Na4 21.
b4 Rd8 22. Qb3 Qb5 23. Bf1 Qd7 24. Nc5 Nxc5 25. dxc5 Rb8 26. Qc4 a5 27. Bd2 Qa4
28. Rec1 Qe8 29. Bg2 Bf6 30. Rab1 Qa4 31. Qa6 Qd7 32. c6 Qd6 33. bxa5 Rxb1 34.
Rxb1 Rxc6 35. Qxc6 Qxc6 36. Rb8+ 1-0